000 00267nam a2200109Ia 4500
008 190216s9999||||xx |||||||||||||| ||und||
100 _aEms Namboodiripad
245 0 _aKeralam Malayalikalude Mathrbhoomi
260 _bCurrent Books
650 _aLekhanam
942 _cBK
999 _c23717
_d23717